00233nam a2200097Ia 4500008004100000100000900041245004100050260002600091300000800117650001000125190216s9999||||xx |||||||||||||| ||und|| aNull 0aHindi-Namil Shob Mukth Kabi Naynumar bPoorna Pubs Kozhikode a191 aHindi